00840nam a2200181 a 4500008004100000020001800041050001600059100001600075245007700091260003300168300001500201350001000216650005500226650004300281995018200324999001700506952013500523160217s2011 ||||||||||||||||| || u a9781853156380 aR 834.5 Coa aCoales, Una10aGet through plab part 1: 500 single best answer questionscBy Una Coales aLondon:bEdward Arnoldc2011 axii, 155p. a46.95 aPROFESSIONAL AND LINGUISTIC ASSESSMENTS BOARD TEST aMEDICINE--EXAMINATIONS, QUESTIONS, ETC aMICHAEL CHILUFYA SATA OPEN ACCESSe903422FCBU-SCHOOL OF MEDICINE LIBRARY (Ndola)I46.95jR 834.5 CoaM1UAVAILABLEWFeb 22, 2016y903422ZMedical Library Open Access Collection c31539d31539 00102lcc4070a002b002cMedical Library Open Access Collectiond2022-11-30l0oR 834.5 Coap903422r2022-11-30w2022-11-30y002